[Event "Tanglin op"]
[Site "Singapore"]
[Date "2022.05.30"]
[Round "4"]
[White "Rishikesh, Siddharth"]
[Black "Reyansh, Singh"]
[Result "1-0"]
[WhiteElo "1210"]
[BlackElo "1030"]
[PlyCount "163"]
[EventDate "2022.05.28"]
[EventType "swiss"]
[EventRounds "9"]
[EventCountry "SIN"]
[SourceTitle "CBM 208 Extra"]
[Source "ChessBase"]
[SourceDate "2022.07.31"]
[SourceVersion "1"]
[SourceVersionDate "2022.07.31"]
[SourceQuality "1"]

1. e4 c5 2. Nf3 d6 3. d3 Nf6 4. g3 g6 5. Bg2 Bg7 6. 0-0 Nc6 7. Re1 Nd7 8. c3 Qb6 9. Nbd2 Nde5 10. Nf1 Bg4 11. Ne3 Nxf3+ 12. Bxf3 Bxf3 13. Qxf3 Ne5 14. Qe2 Qb5 15. Rd1 0-0 16. Nd5 Qd7 17. f4 Nc6 18. Rf1 e6 19. Ne3 Rfe8 20. Ng2 f5 21. Bd2 e5 22. Rae1 exf4 23. Rxf4 Bh6 24. Rh4 Bxd2 25. Qxd2 Ne5 26. Rf1 Rf8 27. d4 cxd4 28. cxd4 Nc4 29. Qe2 Nb6 30. Rhf4 Rfe8 31. Ne1 Nc8 32. Qc4+ d5 33. exd5 Nb6 34. Qd3 Nxd5 35. R4f3 Re4 36. Ng2 Nb6 37. Rf4 Rae8 38. Rd1 Nd5 39. Rf2 Ne3 40. Rdd2 Nxg2 41. Kxg2 Qd5 42. Qb3 Qxb3 43. axb3 Rd8 44. Rf4 Rxf4 45. gxf4 Rd5 46. Kf3 Kf7 47. Ke3 Ke6 48. Rc2 Rd7 49. Rc5 Rd5 50. b4 Kd6 51. Kd3 b6 52. Rc8 Ke6 53. Re8+ Kf6 54. Kc4 Rd7 55. d5 Rc7+ 56. Kd3 Rc1 57. Re6+ Kf7 58. Rc6 Rxc6 59. dxc6 Ke6 60. Kd4 Kd6 61. b5 Ke6 62. h4 Kd6 63. b4 Ke6 64. c7 Kd7 65. Ke5 Kxc7 66. Ke6 h6 67. Kf6 g5 68. hxg5 hxg5 69. Kxg5 Kd6 70. Kxf5 Kd5 71. Kg6 Kc4 72. f5 Kxb4 73. f6 Kxb5 74. f7 a5 75. f8Q a4 76. Qa3 Ka5 77. Kf5 b5 78. Qc5 Ka6 79. Ke4 Ka5 80. Kd4 Ka6 81. Qc6+ Ka5 82. Kc5 1-0

[Event "Tanglin op"]
[Site "Singapore"]
[Date "2022.05.29"]
[Round "3"]
[White "Reyansh, Singh"]
[Black "Chua, Wee Chong"]
[Result "1/2-1/2"]
[WhiteElo "1030"]
[BlackElo "1339"]
[PlyCount "67"]
[EventDate "2022.05.28"]
[EventType "swiss"]
[EventRounds "9"]
[EventCountry "SIN"]
[SourceTitle "CBM 208 Extra"]
[Source "ChessBase"]
[SourceDate "2022.07.31"]
[SourceVersion "1"]
[SourceVersionDate "2022.07.31"]
[SourceQuality "1"]

1. e4 c5 2. Nf3 Nc6 3. d4 cxd4 4. Nxd4 g6 5. Nc3 Bg7 6. Be3 Nf6 7. f3 Qb6 8. Rb1 Ng4 9. Nd5 Nxe3 10. Nxb6 Bxd4 11. Nxa8 Nxd1 12. Kxd1 Kd8 13. Bc4 e6 14. Ke2 b6 15. c3 Be5 16. Nxb6 axb6 17. Rbd1 Kc7 18. g3 g5 19. Kf2 Bb7 20. h4 gxh4 21. Rxh4 h6 22. Rdh1 Bg7 23. g4 Ne5 24. Be2 d5 25. g5 Ng6 26. gxh6 Bf8 27. Rg4 Rxh6 28. Rxh6 Bxh6 29. exd5 Bxd5 30. Ra4 Ne5 31. Rh4 Bc1 32. b3 Bc6 33. Rh5 Bf4 34. Rh4 1/2-1/2